| 000 | 00711nam a22002292 4500 | ||
|---|---|---|---|
| 001 | 0000019578 | ||
| 005 | 20151217152157.0 | ||
| 008 | 110111s xx 000 0 eng d | ||
| 020 | _a0273714866 : | ||
| 040 |
_aKABU _cKABU |
||
| 100 | 1 |
_aBright, Jim. _@0000179345 |
|
| 245 | 1 | 0 |
_aBrilliant cv : _bwhat employers want to see and how to say it / _cJim Bright and Joanne Earl. |
| 250 | _a3rd ed. | ||
| 260 |
_aHarlow, England : _bPearson, _c2008. |
||
| 300 | _axv, 279 p. | ||
| 650 | 0 |
_aResumes (Employment) _@0000177963 |
|
| 650 | 0 |
_aJob hunting. _@0000179346 |
|
| 700 | 1 |
_aEarl, Joanne. _@0000179347 |
|
| 852 | 1 | _9p1600 KES | |
| 908 | _a110111 | ||
| 950 | _@1 | ||
| 999 |
_c9005 _d9005 |
||